逃走中・逃走成功者 - Statistics

General Stats
  • This quiz has been taken 63 times
  • The average score is 13 of 66
Answer Stats
名前 該当回 獲得賞金 % Correct
田中卓志 狙われたハンター 132万円
66%
田中卓志 生逃走中2023 120万円 2度目の逃走成功
66%
伊沢拓司 お台場大決戦 252万円
62%
HIKAKIN 美女とハンターと野獣 150万円
55%
上地雄輔 アルティメット 276万円 アルティメットルール逃走成功
36%
的場浩司 奥様はかぐや姫 156万円
36%
兼近大樹 真夏のハンターランド 117万円
33%
ノブ FNS逃走中2023 184万円 チーム戦勝利ボーナス+100万円
33%
眞鍋かをり 奥様はかぐや姫 156万円 復活逃走成功
31%
おのののか めちゃ逃ゲ 156万円
31%
藤田ニコル 海賊ルフィと恐怖のハンター 108万円
31%
新庄剛志 ハンターと鋼鉄の魔神 78万円 復活逃走成功
31%
関口メンディー ハンター消滅 144万円
29%
ミッツ・マングローブ 大江戸シンデレラ 144万円
28%
藤森慎吾 沈黙の巨大迷宮 108万円
26%
えなりかずき 時空を超える決戦 個人戦 108万円→没収 チーム戦敗北により没収
24%
小峠英二 時空を超える決戦 チーム戦 200万円
24%
皆藤愛子 新桃太郎伝説 150万円
22%
朝日奈央 ハンターと偽ハンター 78万円
22%
中岡創一 USJ 96万円
21%
清原和博 新桃太郎伝説 150万円
21%
杉村太蔵 大江戸ヒーローズ 168万円 復活逃走成功
21%
髙橋海人 ハンターと進撃の恐竜 60万円
21%
東尾理子 信長と忍者の里 216万円 復活逃走成功
19%
岸本セシル 新浦島太郎物語 144万円 復活逃走成功
19%
スギちゃん 最後のサムライ 144万円
19%
糸井嘉男 ハンターと浅草の相棒 156万円
19%
金田哲 沖縄 128万円
17%
篠原信一 激動明治の大事変 96万円 復活逃走成功
17%
スザンヌ 大統領暗殺計画 108万円
17%
岡田結実 どうぶつ島 60万円
17%
つるの剛士 パイロット版渋谷 35万8500円
16%
宮川大輔 浅草 54万円
16%
叶美香 江戸 42万円 復活逃走成功
16%
昴生 VS新型ハンター 108万円
16%
佐藤大樹 新ゲームを攻略せよ 168万円
16%
岡澤セオン ハンターと18人の金メダリスト 132万円
16%
ISSA ハウステンボス 96万円
16%
品川祐 お台場 60万円
14%
小島よしお 横浜中華街 84万円
14%
ゴルゴ松本 ザ・リアル 江戸の町 30万円
12%
藤本敏史 クロノス 日光江戸村 36万円
12%
山本裕典 ジャンプ!USJ 99万円
12%
矢口真里 お台場2 200万円
12%
永井大 禁断の恋と財宝村 144万円
12%
山本裕典(2) ジャンプ!森の公園 72万円 2度目の逃走成功
12%
保阪尚希 渋谷 39万円
10%
ビビる大木 渋谷3 108万円
10%
川田広樹 沖縄 128万円
10%
秋元才加 激動明治の大事変 96万円
10%
槙野智章 FNS逃走中2023 184万円 チーム戦勝利ボーナス+100万円
10%
ワッキー クロノス 森の公園 42万円
9%
髙田延彦 横浜中華街 84万円
9%
安田美沙子 王国 108万円
9%
小塚崇彦 日本昔話 108万円
9%
国生さゆり 上野 54万円
7%
古橋法生 サザエさんSP 156万円 一般参加の逃走成功
7%
平畠啓史 渋谷2 60万円
5%
山本太郎 クロノス 日光江戸村 36万円
5%
吉澤ひとみ 浅草 54万円
5%
諸星和己 ザ・リアル 江戸の町 30万円
3%
姜暢雄 横浜中華街 84万円
3%
岡本麻里 卑弥呼伝説 108万円
3%
福田佑亮 海賊ルフィと恐怖のハンター 108万円
3%
岡田義徳 渋谷2 60万円
2%
長谷部優 クロノス nightmare 36万円 女性初の逃走成功
2%
No matching quizzes found
Score Distribution
Percent of People with Each Score
Percentile by Number Answered
Your Score History
You have not taken this quiz